| Record ID | ia:breakingclean0000blun |
| Source | Internet Archive |
| Download MARC XML | https://archive.org/download/breakingclean0000blun/breakingclean0000blun_marc.xml |
| Download MARC binary | https://www.archive.org/download/breakingclean0000blun/breakingclean0000blun_meta.mrc |
LEADER: 02203cam 2200553Ia 4500
001 ocm50932937
003 OCoLC
005 20200904104928.0
008 021105s2002 enkb d 000 0aeng d
007 tb
010 $a 2001029861
040 $aNTG$beng$cNTG$dOCLCQ$dOCLCF$dOCLCO$dOCLCQ$dBDX$dNZHSD$dOCLCA$dUKMGB$dOCL
016 7 $a013082304$2Uk
020 $a0753198223
020 $a9780753198223
020 $a0753198231$q(pbk.)
020 $a9780753198230$q(pbk.)
035 $a(OCoLC)50932937
043 $an-us-mt
050 4 $aCT275.B57984$bA3 2002bx
082 04 $a978.603309$bBLU
100 1 $aBlunt, Judy.
245 10 $aBreaking clean /$cJudy Blunt.
250 $a[Large print ed.].
260 $aOxford :$bISIS,$c2002.
300 $ax, 371 pages (large print) :$bmap ;$c25 cm.
336 $atext$btxt$2rdacontent
337 $aunmediated$bn$2rdamedia
338 $avolume$bnc$2rdacarrier
490 1 $aISIS large print books
505 00 $tBreaking Clean --$tA Place of One's Own --$tSalvage --$tChurch and State --$tLessons in Silence --$tFighting Fire --$tAjax --$tThe Year of the Horse --$tLearning Curves --$tThe Reckoning --$tLearning the Ropes --$tWinter Kill --$tNight Shift --$tAfterword: Leaving Home.
520 0 $aAn astonishing literary debut: the true story of a remarkable woman's life in the contemporary American West, where the lessons she learned carried her through blizzards, devastating prairie fires, and extreme isolation.
600 10 $aBlunt, Judy.
600 17 $aBlunt, Judy.$2fast$0(OCoLC)fst00462684
650 0 $aWomen ranchers$zMontana$vBiography.
650 0 $aRanch life$zMontana.
651 0 $aMontana$vBiography.
650 0 $aLarge type books.
650 7 $aLarge type books.$2fast$0(OCoLC)fst00992678
650 7 $aRanch life.$2fast$0(OCoLC)fst01089735
650 7 $aWomen ranchers.$2fast$0(OCoLC)fst01178452
651 7 $aMontana.$2fast$0(OCoLC)fst01207555
655 7 $aBiographies.$2fast$0(OCoLC)fst01919896
830 0 $aISIS large print books.
938 $aBrodart$bBROD$n59700661
029 1 $aNZ1$b8761544
029 1 $aUKMGB$b013082304
994 $aZ0$bP4A
948 $hNO HOLDINGS IN P4A - 41 OTHER HOLDINGS